00719nas a22001817a 4500008004100000022001400041245005600055260010700111300000900218546001400227590002400241590010100265590007300366650002700439650004400466942001200510999001500522130315t20002003ag ||||| |||| 00| 0 spa d a0328-5383 aNexo, Revista del Hospital Italiano de Buenos Aires aBuenos Aires:bDepartamento de Docencia e Investigación del Hospital Italiano de Buenos Aires,c2000 av. : aespañol aIndizada en: LILACS aDejo de publicarse, siguió a continuación la "Revista del Hospital Italiano de Buenos Aires" aExistencias: 2000 20(2,3); 2001 21(1-3, nº extraord.); 2003 23(1,2) aMEDICINA INTERNA91738 aHOSPITAL ITALIANO DE BUENOS AIRES91988 2ddccCR c1271d1271